| 000 | 00872nam0a22002531 4500 | ||
|---|---|---|---|
| 001 | rc\4311746 | ||
| 005 | 20130416130519.1 | ||
| 035 | _a(NLR Aleph) 008260581 | ||
| 090 |
_a8394332 _c8394332 |
||
| 100 | _a20130416d1965 |||y0rusy50 ca | ||
| 101 | 0 | _arus | |
| 102 | _aRU | ||
| 105 | _ay z ||||| | ||
| 200 | 1 |
_aКоммунизм и труд _fВоен.-полит. ордена Ленина краснознам. акад. им. В.И. Ленина. [Кафедра науч. коммунизма] |
|
| 210 |
_aМосква _cБ. и. _d1965 |
||
| 215 |
_a22 с. _d22 |
||
| 300 | _aПеред загл. авт.: канд. экон. наук, полк. С.С. Вовк | ||
| 333 | _aПродаже не подлежит | ||
| 700 | 1 |
_aВовк _bС. С. |
|
| 801 | 0 |
_aRU _bNLR _gpsbo |
|
| 801 | 1 |
_aRU _bELAR _2rusmarc |
|
| 852 |
_aNLR _j65-4/7128 |
||
| 942 | _cBOOK | ||
| 980 | _aNB | ||